000 00300nam a22000977a 4500
008 150622b xxu||||| |||| 00| 0 eng d
010 _8HCCRSF:005
245 _aHIGH COURT CRIMINAL SESSION NO.306 OF 1969 Uganda Vs Aniza Nega
260 _aHigh Court Kampala
500 _3BEFORE: Hon. Mr. Justice E.A. oteng
999 _c6574
_d6574